00250nam a2200097 4500082001500000245005800015260002200073300000800095490003100103650001800134 a658.89 TRO aTropical and off - Season Fresh Fruits and Vegetables aGenevabITCc1987 a264 aInternational Trade Centre aMarketi Study